000
00210 a2200097 4500
001
852
100
_a
Spangenberg,K,.R
245
_a
Fundamentals of electron de
260
_a
_b
Mcgrawhill
_c
090
_c
443
_d
443
942
_a
NUST-CAE
_c
M
_c
30745
999
_c
235925
_d
235925